Statistiken für Herkunftsländer der Gäste bei Wetten, dass...

Klicken Sie hier um das Quiz zu spielen!

Allgemein

  • Dieses Quiz wurde 123 mal gespielt
    (23 seit der letzten Aktualisierung)
  • Das Durchschnittsergebnis liegt bei 32 aus 40

Antworten auf der Karte

Die Antworten werden auf der Karte rot bzw. grün angezeigt, abhängig davon wie oft sie richtig erraten wurden.
 

Antwortstatistiken

1. Gast1. BesuchLand% Korrekt
Paul Hogan28. Mai 1994Australien
100%
Alain Delon16. April 1983Frankreich
100%
Michael Patrick Kelly7. Oktober 1995Irland
100%
Reinhold Messner16. Oktober 1982Italien
100%
Rudi Carrell4. April 1981Niederlande
100%
Marija Kalinina3. September 1988Russland
100%
Lennart Bernadotte1. September 1984Schweden
100%
Julio Iglesias13. Mai 1989Spanien
100%
Milla Jovovich2. Oktober 2010Ukraine
100%
Christopher Lee / Peter O’Toole31. Oktober 1987Vereinigtes Königreich
100%
Pamela Sue Martin19. Mai 1984Vereinigte Staaten
100%
Nelson Piquet13. Mai 1989Brasilien
95%
Jackie Chan11. Dezember 2004China
95%
Curd Jürgens14. Februar 1981Deutschland
95%
Pamela Anderson29. Januar 2000Kanada
95%
Lilli Palmer19. September 1981Polen
95%
Brigitte Nielsen31. Oktober 1987Dänemark
90%
Mika Häkkinen7. November 1998Finnland
90%
Désirée Nosbusch23. Januar 1988Luxemburg
90%
Barbara Valentin14. Februar 1981Österreich
90%
Denise Biellmann4. April 1981Schweiz
90%
Howard Carpendale13. Dezember 1986Südafrika
90%
Barbara Dickmann15. Mai 1982Tschechien
90%
Gabriela Sabatini7. Oktober 1995Argentinien
86%
Ephraim Kishon31. Oktober 1987Ungarn
86%
Isabel Allende16. Oktober 1999Peru
81%
Géza von Cziffra14. Dezember 1985Rumänien
81%
Ana Ivanović25. November 2023Serbien
81%
Richard Burt28. November 1987Chile
76%
Daliah Lavi19. September 1981Israel
76%
Daisy Lang17. Februar 2001Bulgarien
67%
Erwin Schrott30. April 2011Uruguay
67%
Roberto Blanco3. April 1982Tunesien
57%
Elizabeth Teissier27. Juni 1981Algerien
48%
Estefania Küster4. Oktober 2003Paraguay
48%
Wladimir Klitschko16. Oktober 1999Kasachstan
43%
Ilse Werner10. Juni 1989Indonesien
33%
Vitali Klitschko16. Oktober 1999Kirgisistan
24%
Vanessa-Mae18. März 1995Singapur
24%
Grace Jones3. März 1990Jamaika
19%

Verteilung der Resultate

Perzentil nach korrekt beantworteten Fragen

Anzahl Personen mit jedem Resultat

Ihre Resultats-Entwicklung

Sie haben dieses Quiz seit der letzten Aktualisierung nicht gespielt